Welcome to CU Library Online Public Access Catalogue (OPAC)

EXPOSITORY OUTLINES ON HEBREWS (Record no. 7075)

MARC details
000 -LEADER
fixed length control field 00340nam a22001337a 4500
005 - DATE AND TIME OF LATEST TRANSACTION
control field 20250721171016.0
008 - FIXED-LENGTH DATA ELEMENTS--GENERAL INFORMATION
fixed length control field 250721b |||||||| |||| 00| 0 eng d
050 ## - LIBRARY OF CONGRESS CALL NUMBER
Classification number BS2775
Item number .3 PEN
100 ## - MAIN ENTRY--PERSONAL NAME
Personal name PENTZ GROFT M.
245 ## - TITLE STATEMENT
Title EXPOSITORY OUTLINES ON HEBREWS
260 ## - PUBLICATION, DISTRIBUTION, ETC.
Place of publication, distribution, etc. MICHIGAN
Name of publisher, distributor, etc. BAKER BOOK HOUSE
Date of publication, distribution, etc. 1979
300 ## - PHYSICAL DESCRIPTION
Extent 32p
942 ## - ADDED ENTRY ELEMENTS (KOHA)
Source of classification or shelving scheme Library of Congress Classification
Koha item type Books
Suppress in OPAC No
999 ## -
-- 7075
-- 7075
Holdings
Withdrawn status Lost status Source of classification or shelving scheme Damaged status Not for loan Collection Home library Current library Shelving location Date acquired Total checkouts Full call number Barcode Date last seen Copy number Price effective from Koha item type
    Library of Congress Classification     Non-fiction Undergraduate Library (Christ Temple) Undergraduate Library (Christ Temple) General stacks 07/21/2025   BS2775.3 PEN ulct00003992 07/21/2025 1 07/21/2025 Books
© 2023-2024 Copyright: Central University Libraries. All Rights Reserved | Created by: Mahone Tech Office